Mass communication theory : (Record no. 1620)

MARC details
000 -LEADER
fixed length control field 00606nam a2200205 a 4500
003 - CONTROL NUMBER IDENTIFIER
control field BD-DhJNU
005 - DATE AND TIME OF LATEST TRANSACTION
control field 20250427053554.0
020 ## - INTERNATIONAL STANDARD BOOK NUMBER
International Standard Book Number 8131501922
040 ## - CATALOGING SOURCE
Original cataloging agency BD-DhJNU
Language of cataloging ENG
Transcribing agency BD-DhJNU
Modifying agency BD-DhJNU
082 ## - DEWEY DECIMAL CLASSIFICATION NUMBER
Classification number 302.2 BAM
Edition number 23
100 ## - MAIN ENTRY--PERSONAL NAME
Personal name Baran, Stanley J.
245 ## - TITLE STATEMENT
Title Mass communication theory :
Remainder of title foundations, ferment, and future /
Statement of responsibility, etc. Stanley J. Baran and Dennis K. Davis
250 ## - EDITION STATEMENT
Edition statement 4th ed.
260 ## - PUBLICATION, DISTRIBUTION, ETC.
Place of publication, distribution, etc. Australia :
Name of publisher, distributor, etc. Thomson,
Date of publication, distribution, etc. 2006.
300 ## - PHYSICAL DESCRIPTION
Extent xix, 412 p. :
Other physical details ill. ;
Dimensions 24 cm.
500 ## - GENERAL NOTE
General note Included Index.
650 ## - SUBJECT ADDED ENTRY--TOPICAL TERM
Topical term or geographic name entry element Mass media -- Philosophy.
700 ## - ADDED ENTRY--PERSONAL NAME
Personal name Davis, Dennis K.
942 ## - ADDED ENTRY ELEMENTS (KOHA)
Koha item type Books
Holdings
Withdrawn status Lost status Source of classification or shelving scheme Damaged status Not for loan Collection Home library Current library Shelving location Date acquired Source of acquisition Total checkouts Full call number Barcode Date last seen Copy number Price effective from Koha item type
    Dewey Decimal Classification     Non-fiction Jagannath University Central Library Jagannath University Central Library General stacks 04/27/2025 Purchased   302.2 BAM JNUCL18885 04/27/2025 1 04/27/2025 Books